| 000 | 00652nam a2200253Ia 4500 | ||
|---|---|---|---|
| 008 | 170203s9999 xx 000 0 und d | ||
| 020 | _a431057869 | ||
| 050 | _a787.7 | ||
| 050 | _b.Sp756g 2007 | ||
| 100 | _aSpilsbury, Richard | ||
| 245 | _aShould I learn to play the guitar? / | ||
| 245 | _cRichard Spilsbury. | ||
| 260 | _aOxford : | ||
| 260 | _bHarcourt Educational Ltd. | ||
| 260 | _c2007 | ||
| 300 | _a32 pages : | ||
| 300 | _bcol. ill. ; | ||
| 300 | _c25 cm. | ||
| 440 | _aLearning musical instruments. | ||
| 650 | _aGuitar music. | ||
| 650 | _aGuitar. | ||
| 650 | _xJuvenile literature. | ||
| 650 | _xJuvenile literature. | ||
| 999 |
_c305498 _d305498 |
||